000 00309nam a22001337a 4500
020 _a9789381302934
082 _a660.2
_bLAL/AG
100 _aLal,C
_9737
100 _aNasim,S.A
_9738
245 _aAgricultural Biotechnology
260 _aNew Delhi
_bAxis Books Pvt. Ltd.
_c2013
300 _a276
942 _cBK
999 _c14445
_d14445